Relation among growth strategies, allocation pattern, productivity and successional status of trees of a subtropical forest community (Registro nro. 9746)

Detalles MARC
000 -CABECERA
Campo de control 006450000a22001810004500
090 ## - CLASIFICACIÓN LOCAL
Colección AR
Consecutivo 00654
041 0# - IDIOMA
Código de idioma para texto/pista de sonido o título separado
100 1# - ASIENTO PRINCIPAL--NOMBRE PERSONAL
Nombre personal Ramakrishnan, P. S.
245 10 - MENCION DE TITULO
Título Relation among growth strategies, allocation pattern, productivity and successional status of trees of a subtropical forest community
650 14 - ASIENTO SECUNDARIO DE MATERIA - TERMINO TEMATICO
Término temático o nombre geográfico como elemento de entrada Bosques húmedos subtropicales
650 14 - ASIENTO SECUNDARIO DE MATERIA - TERMINO TEMATICO
Término temático o nombre geográfico como elemento de entrada Especies forestales sucesionales
650 14 - ASIENTO SECUNDARIO DE MATERIA - TERMINO TEMATICO
Término temático o nombre geográfico como elemento de entrada Fenología
650 14 - ASIENTO SECUNDARIO DE MATERIA - TERMINO TEMATICO
Término temático o nombre geográfico como elemento de entrada Cambios vegetacionales
651 #4 - ASIENTO SECUNDARIO DE MATERIA - NOMBRE GEOGRAFICO
-- India
700 1# - ASIENTO SECUNDARIO - NOMBRE PERSONAL
Nombre personal Shukla, R. P.
773 1# - Item fuente:
Título Improvement of Forestal Biomas
Especificación de materiales 253
Paginas del Articulo 403-414
Lugar, editorial y fecha de publicación 1981?
942 ## - ELEMENTOS ADICIONALES (KOHA)
Tipo de ítem Artículo
Existencias
Withdrawn status Lost status Damaged status No para préstamo Colección Ubicación Permanente Ubicación actual Fecha de adquisición Fuente de Valor Datos de publicación Seriada Total Checkouts Número topográfico Inventario / Código de Barras Date last seen Ejemplar Price effective from Forma de adquisición Tipo de material
      No para Préstamo Hemeroteca Bogotá Bogotá 27/02/2015 Baptiste, Luis Guillermo Fuera de circulación   AR 00654 010970 25/03/2015 1 25/03/2015   Artículo